| 000 | 00472nam a2200157 i 4500 | ||
|---|---|---|---|
| 001 | 52536 | ||
| 003 | ES-MaACL | ||
| 007 | t| | ||
| 008 | 030901s1954 sp ||||1| spa d | ||
| 100 | 0 |
_aDávila, Sancho, _cConde de Villafuente Bermeja _942938 |
|
| 245 | 1 | 0 |
_aDe vuelta a casa... / _cSancho Dávila. |
| 260 |
_aMadrid : _b[s.n., _c1954] ( _fImp. Sèz) |
||
| 300 |
_a164 p., 15 lám. ; _c20 cm. |
||
| 852 |
_aES-MaACL _jC-8794 _bR.36737 |
||
| 999 |
_c52536 _d52536 |
||